Nanomaterials. Processing and Characterization with Lasers

Podrobná bibliografie
Další autoři: Singh S. C. Subhash Chandra (редактор), Zeng H. Haibo, Guo C. Chunlei, Cai W. Weiping
Shrnutí:Тhe first in-depth treatment of the synthesis, processing, and characterization of nanomaterials using lasers, ranging from fundamentals to the latest research results, this handy reference is divided into two main sections. After introducing the concepts of lasers, nanomaterials, nanoarchitectures and laser-material interactions in the first three chapters, the book goes on to discuss the synthesis of various nanomaterials in vacuum, gas and liquids. The second half discusses various nanomaterial characterization techniques involving lasers, from Raman and photoluminescence spectroscopies to light dynamic scattering, laser spectroscopy and such unusual techniques as laser photo acoustic, fluorescence correlation spectroscopy, ultrafast dynamics and laser-induced thermal pulses. The specialist authors adopt a practical approach throughout, with an emphasis on experiments, set-up, and results. Each chapter begins with an introduction and is uniform in covering the basic approaches, experimental setups, and dependencies of the particular method on different parameters, providing sufficient theory and modeling to understand the principles behind the techniques.
Jazyk:angličtina
Vydáno: Weinheim, Wiley-VCH Verlag GmbH & Co. KGaA, 2012
Témata:
Médium: Kniha
KOHA link:https://koha.lib.tpu.ru/cgi-bin/koha/opac-detail.pl?biblionumber=236694

MARC

LEADER 00000nam0a2200000 4500
001 236694
005 20231101231506.0
010 |a 9783527327157 
035 |a (RuTPU)RU\TPU\book\257860 
090 |a 236694 
100 |a 20130429d2012 k y0engy50 ba 
101 0 |a eng 
102 |a DE 
105 |a a z 001zy 
200 1 |a Nanomaterials. Processing and Characterization with Lasers  |f edited by S. C. Singh , H. Zeng, C. Guo, W. Cai 
210 |a Weinheim  |c Wiley-VCH Verlag GmbH & Co. KGaA  |d 2012 
215 |a 777 p.  |c il. 
320 |a Index: p. 759-777. 
320 |a References: p. 755-758. 
330 |a Тhe first in-depth treatment of the synthesis, processing, and characterization of nanomaterials using lasers, ranging from fundamentals to the latest research results, this handy reference is divided into two main sections. After introducing the concepts of lasers, nanomaterials, nanoarchitectures and laser-material interactions in the first three chapters, the book goes on to discuss the synthesis of various nanomaterials in vacuum, gas and liquids. The second half discusses various nanomaterial characterization techniques involving lasers, from Raman and photoluminescence spectroscopies to light dynamic scattering, laser spectroscopy and such unusual techniques as laser photo acoustic, fluorescence correlation spectroscopy, ultrafast dynamics and laser-induced thermal pulses. The specialist authors adopt a practical approach throughout, with an emphasis on experiments, set-up, and results. Each chapter begins with an introduction and is uniform in covering the basic approaches, experimental setups, and dependencies of the particular method on different parameters, providing sufficient theory and modeling to understand the principles behind the techniques. 
606 1 |a Наноматериалы  |2 stltpush  |3 (RuTPU)RU\TPU\subj\65850  |9 82201 
610 1 |a нанотехнологии 
610 1 |a нанотехнологические производства 
610 1 |a нанотехника 
610 1 |a материаловедение 
610 1 |a нанопокрытия 
610 1 |a нанообработка 
610 1 |a лазерная обработка 
610 1 |a характеристики 
610 1 |a перспективы 
610 1 |a английский язык 
675 |a 620.22  |v 3 
702 1 |a Singh  |b S. C.  |g Subhash Chandra  |4 340 
702 1 |a Zeng  |b H.  |g Haibo  |4 340 
702 1 |a Guo  |b C.  |g Chunlei  |4 340 
702 1 |a Cai  |b W.  |g Weiping  |4 340 
801 1 |a RU  |b 63413507  |c 20130429 
801 2 |a RU  |b 63413507  |c 20131125  |g RCR 
942 |c BK 
959 |a 87/20130424  |d 1  |e 0  |f ЧЗИЛ:1